| 000 | 00413nam a22001457a 4500 | ||
|---|---|---|---|
| 027 | _qPB. | ||
| 040 | _cFIZZA ISHAQ | ||
| 082 |
_a808.042 _bZIN |
||
| 100 |
_a Zinsser , William. _9133781 |
||
| 245 |
_aOn Writing Well: AN Informal Guide to Writing Nonfiction / _cWilliam Zinsser. |
||
| 250 | _a5TH ED. | ||
| 260 |
_aNew York: _bHarper, _c1976. |
||
| 300 |
_a300 P. ; _c6.11 x 1.11 x 8.11 inches |
||
| 942 |
_2ddc _cBK |
||
| 999 |
_c616743 _d616743 |
||